Secretos del oficio: avatares de la inquisición novohispana

Furkejuvvon:
Bibliográfalaš dieđut
Váldodahkki: Agueda Méndez, María (Dahkki)
Materiálatiipa: Girji
Giella:espánnjágiella
Almmustuhtton: Ciudad de México Universidad Nacional Autónoma de México 2001
Preanttus:1a. ed
Ráidu:Estudio de Cultura Literaria Novohispana, 17
Fáttát:
Fáddágilkorat: Lasit fáddágilkoriid
Eai fáddágilkorat, Lasit vuosttaš fáddágilkora!

MARC

LEADER 00000nam a2200000 a 4500
001 UCG2773
003 CL-VaPUC
008 100723e20010000MX |||||||||||||||||spa|d
020 |a 9683695698 
082 0 4 |a 864.209  |b AGU  |2 21 
100 0 |a Agueda Méndez, María  |e author  |9 551386 
245 1 0 |a Secretos del oficio: avatares de la inquisición novohispana 
250 |a 1a. ed 
300 |a 258 p 
942 |c BK 
945 |d 20100723 00:00:00  |a mfarfan 
260 |a Ciudad de México  |b Universidad Nacional Autónoma de México  |c 2001 
650 0 |a Inquisición (Iglesia Católica)  |9 258578 
650 0 |a Inquisición española  |9 313621 
650 7 |a PERSECUSIONES RELIGIOSAS  |2 CL-VaPUC  |9 480245 
583 |a last modification  |c 20161003 11:56:59  |k Rodrigo Vera 
490 0 |a Estudio de Cultura Literaria Novohispana, 17 
999 |c 341899  |d 341897 
952 |0 0  |1 0  |4 0  |6 864_209000000000000_AGU_2001  |7 0  |8 A  |9 437710  |a BIBHIS  |b BIBHIS  |d 2019-11-22  |i 469791K  |o 864.209 AGU 2001  |p 469791K  |r 2025-01-20  |w 2019-11-22  |y BK  |k HIS